000 00264nam a2200097Ia 4500
082 _a616.722|FOX
245 0 _aArthritis for dummies
100 _a Fox, Barry Hoboken, NJ, (-2004) 2nd ed
_947100
942 _cBK
008 210817s9999 xx 000 0 und d
999 _c154271
_d154270